00728nam a2200241 a 4500001001300000003000900013005001700022008004100039020002300080082001400103100002000117245003300137260003900170300000900209500003500218505004700253650001700300700002000317902000800337942000700345952011700352999001700469nice12345678IN_TiNIC20260116014942.0050524s1991 cala grp 000 0 eng  a0534621 c10000a201bWEA1 aWeaver, Mary Jo aIntroduction to Christianity aCaliforniabWadsworth Pub.Coc1991 a310p aincludes index and biblioraphy2 aAbbrevations and Lexicons, Notes and Index aChristianity1 aWeaver, Mary Jo bSRS cBK 001040708StackRoom-aHMIbHMId2011-07-05g100.00l0o201 WEA1p11001512r2011-07-05v100.00w2005-05-24yBK c17690d17690